[Event "Eliteserien 2013 - 14"]
[Site "Oslo"]
[Date "2013.11.01"]
[Round "3"]
[White "Johansen, Paul"]
[Black "Christiansen, Johan-Sebastian"]
[Result "0-1"]
[WhiteElo "2115"]
[BlackElo "2062"]
[PlyCount "90"]
[EventDate "2013.??.??"]

1. d4 d5 2. Nf3 Nf6 3. e3 Bf5 4. c4 e6 5. Qb3 Qc8 6. Nc3 c6 7. Nh4 Bg4 8. f3
Bh5 9. g4 Bg6 10. Nxg6 hxg6 11. g5 Nh5 12. Bg2 Be7 13. f4 Nd7 14. cxd5 cxd5 15.
Nxd5 exd5 16. Bxd5 O-O 17. Bxb7 Qd8 18. Bxa8 Qxa8 19. O-O Qe4 20. Qd1 f6 21.
Qg4 Nb6 22. gxf6 Nxf6 23. Qg2 Qd3 24. Qf3 Nbd5 25. Rd1 Qc2 26. Rd2 Qf5 27. Rg2
Rd8 28. Qg3 Kf7 29. Qf3 Qd3 30. Rd2 Qxe3+ 31. Qxe3 Nxe3 32. b3 Bb4 33. Rd3 Nf5
34. Bb2 Nd5 35. Rf1 Rc8 36. Rc1 Re8 37. Kf2 Nxf4 38. Rc7+ Kg8 39. Rd1 Re2+ 40.
Kf3 Re3+ 41. Kg4 Ne6 42. Rxa7 Nh6+ 43. Kh4 Kh7 44. d5 g5+ 45. Kh5 Rh3#
0-1

[Event "Eliteserien 2013 - 14"]
[Site "Oslo"]
[Date "2013.11.01"]
[Round "3"]
[White "Collins, Sam"]
[Black "Harestad, Hans K"]
[Result "1-0"]
[WhiteElo "2471"]
[BlackElo "2286"]
[PlyCount "119"]
[EventDate "2013.??.??"]

1. d4 d5 2. c4 c6 3. Nf3 Nf6 4. Nc3 dxc4 5. a4 Bf5 6. e3 e6 7. Bxc4 Bb4 8. O-O
O-O 9. Qe2 Bg6 10. Ne5 Nbd7 11. Nxg6 hxg6 12. Rd1 Qa5 13. Na2 Qxa4 14. e4 Qa5
15. e5 Nd5 16. h4 Rfd8 17. Bg5 Be7 18. Bxd5 Bxg5 19. Bxe6 Bxh4 20. Nc3 Qb6 21.
Ba2 Nf8 22. d5 Re8 23. e6 fxe6 24. dxe6 Re7 25. Rd6 Qb4 26. Rad1 Bf6 27. R1d3
a5 28. Ne4 Qxb2 29. Qxb2 Bxb2 30. Rd7 Nxd7 31. exd7+ Kf8 32. d8=Q+ Rxd8 33.
Rxd8+ Re8 34. Rxe8+ Kxe8 35. Nd6+ Ke7 36. Nxb7 Bc3 37. Nc5 Bd4 38. Ne4 Be5 39.
Kf1 Bb2 40. Ke2 Bd4 41. Kd3 Ba7 42. Bb3 Bb6 43. Ba4 Kd7 44. f3 Ba7 45. Nd2 Bc5
46. Nc4 Bb4 47. Ne5+ Ke6 48. Nxc6 Be1 49. Ke4 Bc3 50. Nd4+ Kf6 51. Ne2 Bb4 52.
Be8 Ke7 53. Bxg6 a4 54. Kf4 a3 55. Bb1 Kf6 56. Kg4 Bd6 57. f4 Bb4 58. Ba2 Bc5
59. Ng3 Bd4 60. Ne4+
1-0

[Event "Eliteserien 2013 - 14"]
[Site "Oslo"]
[Date "2013.11.01"]
[Round "3"]
[White "Lahlum, Hans O."]
[Black "Ekeberg, Carl Fr."]
[Result "0-1"]
[WhiteElo "2182"]
[BlackElo "2274"]
[PlyCount "114"]
[EventDate "2013.??.??"]

1. d4 Nf6 2. c4 g6 3. Nc3 d5 4. cxd5 Nxd5 5. e4 Nxc3 6. bxc3 Bg7 7. Nf3 c5 8.
Be3 Qa5 9. Qd2 Nc6 10. Rc1 cxd4 11. cxd4 Qxd2+ 12. Kxd2 O-O 13. d5 Rd8 14. Ke1
Nb4 15. a3 Na2 16. Rc2 Nc3 17. Nd2 Bd7 18. Bc4 Ba4 19. Rc1 Rdc8 20. f3 b5 21.
Bf1 a5 22. Kf2 Rab8 23. Bd3 b4 24. axb4 axb4 25. Ba6 Re8 26. Nb1 Nxb1 27. Rxb1
Bc2 28. Rbc1 b3 29. Ke2 b2 30. Rxc2 b1=Q 31. Rxb1 Rxb1 32. Bc8 Rb2 33. Rxb2
Bxb2 34. Bd7 Ra8 35. Bc5 Ra2 36. Kf1 Ba3 37. Bd4 Rc2 38. Bc6 Kf8 39. Be3 Bc5
40. Ba4 Rc3 41. Bxc5 Rxc5 42. Kf2 Ra5 43. Bd7 Ra2+ 44. Kg3 g5 45. h3 Kg7 46.
Bg4 Kf6 47. Bc8 h5 48. Bd7 h4+ 49. Kh2 Ke5 50. Bc8 Kf4 51. Bg4 f6 52. Be6 Ra1
53. Bd7 Ke3 54. Bg4 Kf2 55. f4 gxf4 56. Bh5 Re1 57. Bf3 Rg1
0-1

[Event "Eliteserien 2013 - 14"]
[Site "Oslo"]
[Date "2013.11.01"]
[Round "3"]
[White "Elsness, Frode"]
[Black "Predojevic, Borki"]
[Result "1/2-1/2"]
[WhiteElo "2483"]
[BlackElo "2600"]
[PlyCount "67"]
[EventDate "2013.??.??"]

1. d4 d5 2. c4 c6 3. Nf3 Nf6 4. Nc3 dxc4 5. a4 e6 6. e3 c5 7. Bxc4 cxd4 8. exd4
Be7 9. O-O O-O 10. Bg5 Nc6 11. Qd2 b6 12. Rad1 Bb7 13. Qf4 Nb4 14. Qh4 Bxf3 15.
gxf3 Nfd5 16. Bxe7 Nxe7 17. Qe4 Rc8 18. d5 exd5 19. Nxd5 Nexd5 20. Bxd5 Nxd5
21. Rxd5 Qf6 22. b4 g6 23. Kg2 Rfe8 24. Qd4 Qxd4 25. Rxd4 Re5 26. Rfd1 Rg5+ 27.
Kf1 Rf5 28. Rd8+ Rxd8 29. Rxd8+ Kg7 30. Kg2 Rf4 31. Ra8 a5 32. bxa5 Rxa4 33. a6
b5 34. Rb8
1/2-1/2

[Event "Eliteserien 2013 - 14"]
[Site "Oslo"]
[Date "2013.11.01"]
[Round "3"]
[White "Gabrielsen, Stig"]
[Black "Moen, Andreas G.R."]
[Result "1-0"]
[WhiteElo "2316"]
[BlackElo "2390"]
[PlyCount "77"]
[EventDate "2013.??.??"]

1. e4 e5 2. Nf3 Nc6 3. Bb5 a6 4. Ba4 Nf6 5. O-O Be7 6. Re1 d6 7. c3 Bg4 8. d3
Qd7 9. Nbd2 g5 10. Nf1 Rg8 11. b4 Kf8 12. Bb2 Nh5 13. d4 b5 14. Bb3 Nf4 15. Re3
Bf6 16. Bd5 h5 17. a4 Re8 18. axb5 axb5 19. Ra6 Nb8 20. Ra8 Nxd5 21. exd5 e4
22. Qe1 Kg7 23. N3d2 c6 24. Nxe4 cxd5 25. Nxf6 Kxf6 26. Bc1 Qc6 27. Ra7 Re6 28.
Qd2 Rxe3 29. Nxe3 Be6 30. Qd3 Nd7 31. Bd2 Kg7 32. Nf5+ Kf6 33. Ng3 h4 34. Nh5+
Ke7 35. Qh7 Rg6 36. Qh8 Bg4 37. Ra8 Nb6 38. Qf8+ Ke6 39. Re8+
1-0

[Event "Eliteserien 2013 - 14"]
[Site "Oslo"]
[Date "2013.11.01"]
[Round "3"]
[White "Sagafos, Magne"]
[Black "Hagen, Anders G"]
[Result "1/2-1/2"]
[WhiteElo "2408"]
[BlackElo "2117"]
[PlyCount "52"]
[EventDate "2013.??.??"]

1. e4 c5 2. a3 g6 3. Nc3 Bg7 4. Bc4 Nc6 5. d3 e6 6. Be3 Nge7 7. Ba2 b6 8. Qd2
Nd4 9. O-O-O h6 10. f4 Bb7 11. g4 h5 12. gxh5 Rxh5 13. Nce2 Qc7 14. Ng3 Rh7 15.
c3 O-O-O 16. Kb1 Nb5 17. Nf3 Nf5 18. Bf2 Nxg3 19. hxg3 Rxh1 20. Rxh1 d5 21.
exd5 Bxd5 22. Bxd5 exd5 23. Rh7 Bf6 24. Qe1 Nd6 25. g4 Rh8 26. Rxh8+ Bxh8
1/2-1/2

[Event "Eliteserien 2013 - 14"]
[Site "Oslo"]
[Date "2013.11.01"]
[Round "3"]
[White "Hagesæther, Ellen"]
[Black "Lie, Espen"]
[Result "0-1"]
[WhiteElo "2210"]
[BlackElo "2471"]
[PlyCount "76"]
[EventDate "2013.??.??"]

1. e4 e5 2. Nf3 Nc6 3. Bc4 Bc5 4. d3 Nf6 5. Nc3 d6 6. Bg5 h6 7. Bxf6 Qxf6 8.
Nd5 Qd8 9. c3 a6 10. d4 Ba7 11. h3 O-O 12. O-O Re8 13. Re1 Be6 14. Qd2 b5 15.
Bf1 exd4 16. cxd4 Bxd5 17. exd5 Rxe1 18. Rxe1 Ne7 19. a4 bxa4 20. Bxa6 Bb6 21.
Qd3 Nxd5 22. Bb5 Nf6 23. Ra1 Ra5 24. Rxa4 Qa8 25. b3 Rxa4 26. Bxa4 g6 27. Qc4
Kg7 28. Qc6 Qa5 29. Qb5 Qc3 30. Qc4 Qa1+ 31. Kh2 Qb2 32. Kg1 Ne4 33. Be8 Qxf2+
34. Kh1 Ng5 35. h4 Ne6 36. h5 g5 37. Qd5 Kf8 38. Bxf7 Nf4
0-1

[Event "Eliteserien 2013 - 14"]
[Site "Oslo"]
[Date "2013.11.01"]
[Round "3"]
[White "Hauge, Lars Oskar"]
[Black "Merkesvik, Sondre"]
[Result "1-0"]
[WhiteElo "2179"]
[BlackElo "1917"]
[PlyCount "73"]
[EventDate "2013.??.??"]

1. c4 Nf6 2. Nc3 d5 3. cxd5 Nxd5 4. g3 g6 5. Bg2 Nxc3 6. bxc3 Bg7 7. Rb1 Nc6 8.
d4 O-O 9. e4 b6 10. Ne2 e6 11. O-O Bb7 12. h4 Na5 13. Bg5 Qd7 14. Qd2 Rac8 15.
Bh6 Nc4 16. Qg5 c5 17. Bxg7 Kxg7 18. Rfd1 Qd8 19. Qf4 Qe7 20. Qf3 Rfd8 21. d5
exd5 22. exd5 Rd6 23. Nf4 Rcd8 24. Re1 Qf6 25. Re2 a6 26. a4 h6 27. Qe4 Na5 28.
c4 Bc8 29. Qc2 Bf5 30. Be4 Bg4 31. Re3 Re8 32. Rbe1 Qd4 33. Bxg6 Rxe3 34. fxe3
Qxc4 35. Qb2+ Rf6 36. Rf1 Qb4 37. Nh5+
1-0

[Event "Eliteserien 2013 - 14"]
[Site "Oslo"]
[Date "2013.11.01"]
[Round "3"]
[White "Haugli, Petter"]
[Black "Tari, Aryan"]
[Result "0-1"]
[WhiteElo "2293"]
[BlackElo "2295"]
[PlyCount "70"]
[EventDate "2013.??.??"]

1. d4 Nf6 2. c4 g6 3. Nc3 d5 4. e3 Bg7 5. Nf3 O-O 6. cxd5 Nxd5 7. Bc4 Nxc3 8.
bxc3 c5 9. O-O Qc7 10. Qe2 Nc6 11. Ba3 b6 12. Rac1 Bb7 13. Rfd1 Na5 14. Bd3
Rfd8 15. h3 Rac8 16. Bb5 e5 17. Bb2 c4 18. Ba3 exd4 19. cxd4 a6 20. Ba4 b5 21.
Bc2 Nc6 22. Bc5 Ne5 23. Nxe5 Bxe5 24. a4 Bh2+ 25. Kh1 Bd6 26. Bxd6 Qxd6 27.
axb5 axb5 28. e4 b4 29. d5 b3 30. Bb1 c3 31. Bd3 Qe5 32. Qe3 b2 33. Rc2 Bxd5
34. exd5 Qxe3 35. fxe3 Rxd5
0-1

[Event "Eliteserien 2013 - 14"]
[Site "Oslo"]
[Date "2013.11.01"]
[Round "3"]
[White "Sedlak, Nikola"]
[Black "Hobber, Anders"]
[Result "1-0"]
[WhiteElo "2572"]
[BlackElo "2244"]
[PlyCount "33"]
[EventDate "2013.??.??"]

1. d4 d5 2. Bf4 Nf6 3. e3 c5 4. c3 Nc6 5. Nd2 e6 6. Ngf3 Bd6 7. Bg3 Bxg3 8.
hxg3 Qd6 9. Bd3 Bd7 10. Qe2 e5 11. dxc5 Qxc5 12. e4 dxe4 13. Nxe4 Nxe4 14. Bxe4
O-O-O 15. O-O-O h6 16. Rd5 Qe7 17. Nxe5
1-0

[Event "Eliteserien 2013 - 14"]
[Site "Oslo"]
[Date "2013.11.01"]
[Round "3"]
[White "Lie, Kjetil A."]
[Black "Hole, Øystein"]
[Result "1-0"]
[WhiteElo "2532"]
[BlackElo "2367"]
[PlyCount "77"]
[EventDate "2013.??.??"]

1. e4 c6 2. d4 d5 3. Nc3 dxe4 4. Nxe4 Bf5 5. Ng3 Bg6 6. h4 h6 7. Nh3 Nf6 8. Nf4
Bh7 9. Bd3 e6 10. Bxh7 Nxh7 11. Be3 Nd7 12. Qf3 Nhf6 13. O-O-O Qc7 14. Kb1
O-O-O 15. Nd3 Bd6 16. c4 c5 17. Nh5 Nxh5 18. Qxh5 Nf6 19. Qf3 cxd4 20. Bxd4 e5
21. Bxa7 Rd7 22. c5 e4 23. cxd6 Qxd6 24. Qe3 exd3 25. Rc1+ Rc7 26. Rxc7+ Kxc7
27. Rc1+ Kd7 28. Qh3+ Qe6 29. Qxd3+ Qd5 30. Qh3+ Qe6 31. Rd1+ Ke8 32. Qa3 Nd7
33. Qb4 Qg6+ 34. Ka1 Qc6 35. Re1+ Kd8 36. Qe7+ Kc7 37. Be3 Kb8 38. Rd1 Nb6 39.
Qe5+
1-0

[Event "Eliteserien 2013 - 14"]
[Site "Oslo"]
[Date "2013.11.01"]
[Round "3"]
[White "Stokke, Kjetil"]
[Black "Johannessen, Leif E"]
[Result "1/2-1/2"]
[WhiteElo "2403"]
[BlackElo "2521"]
[PlyCount "35"]
[EventDate "2013.??.??"]

1. d4 Nf6 2. c4 e6 3. Nf3 b6 4. g3 Ba6 5. Nbd2 Bb4 6. Qa4 Qe7 7. a3 Bxd2+ 8.
Bxd2 O-O 9. Bg2 Bb7 10. O-O d6 11. b4 Nbd7 12. Qc2 Be4 13. Qb2 c5 14. Rfd1 Rfc8
15. Rac1 d5 16. cxd5 Bxd5 17. dxc5 bxc5 18. bxc5
1/2-1/2

[Event "Eliteserien 2013 - 14"]
[Site "Oslo"]
[Date "2013.11.01"]
[Round "3"]
[White "Manne, Per Erik"]
[Black "Kvisla, Johannes"]
[Result "1/2-1/2"]
[WhiteElo "2244"]
[BlackElo "2136"]
[PlyCount "201"]
[EventDate "2013.??.??"]

1. e4 c5 2. Nf3 d6 3. d4 cxd4 4. Nxd4 Nf6 5. Nc3 a6 6. g3 e5 7. Nde2 Nbd7 8. a4
b6 9. Bg2 Bb7 10. Nd5 Nxd5 11. exd5 g6 12. Nc3 f5 13. g4 Qh4 14. gxf5 gxf5 15.
Qf3 Be7 16. Qh3 Rc8 17. Qxh4 Bxh4 18. Bh3 Rxc3 19. bxc3 Bxd5 20. Rg1 Be6 21.
Ba3 d5 22. Bf1 Kf7 23. Bxa6 Nf6 24. Bd6 Ra8 25. Bd3 e4 26. Be2 e3 27. Bg3 exf2+
28. Bxf2 Bxf2+ 29. Kxf2 Ne4+ 30. Ke3 Nxc3 31. Ra3 d4+ 32. Kd3 Nxa4 33. Kxd4
Rd8+ 34. Ke3 Nc5 35. Ra7+ Kf6 36. Rxh7 Ke5 37. Bd3 f4+ 38. Ke2 Nxd3 39. cxd3
Bf5 40. Rh5 Kf6 41. Rh6+ Kf7 42. Rxb6 Rxd3 43. Rb4 Rh3 44. Rh1 Rh4 45. Kf3 Bg4+
46. Kf2 Be6 47. h3 Rxh3 48. Rxf4+ Ke7 49. Re1 Rh2+ 50. Ke3 Ra2 51. Re4 Ra6 52.
Rh1 Kf8 53. Rh6 Ra3+ 54. Kf4 Bf7 55. Rd6 Ra1 56. Ke5 Rg1 57. Rd8+ Kg7 58. Rd7
Rg5+ 59. Kf4 Rg1 60. Kf5 Rg6 61. Ra4 Rf6+ 62. Ke5 Re6+ 63. Kd4 Rf6 64. Ra1 Rf2
65. Ke3 Rf6 66. Ra5 Re6+ 67. Kf4 Rf6+ 68. Kg4 Rg6+ 69. Rg5 Rxg5+ 70. Kxg5 Kg8
71. Kf6 Bb3 72. Rg7+ Kh8 73. Rg2 Bc4 74. Rh2+ Kg8 75. Rc2 Bd5 76. Rd2 Bc4 77.
Rg2+ Kh8 78. Kg6 Kg8 79. Rg4 Bb3 80. Rf4 Bc2+ 81. Kh6 Bd3 82. Rd4 Bc2 83. Rd7
Be4 84. Re7 Bc2 85. Rg7+ Kf8 86. Rc7 Bd3 87. Kg5 Kg8 88. Kf6 Kh8 89. Kf7 Kh7
90. Rc3 Bg6+ 91. Kf6 Be4 92. Rc4 Bd3 93. Rh4+ Kg8 94. Rg4+ Kh7 95. Rg7+ Kh8 96.
Kf7 Bc4+ 97. Kf8 Bd3 98. Rd7 Bc2 99. Rd2 Bg6 100. Rh2+ Bh7 101. Rh1
1/2-1/2

[Event "Eliteserien 2013 - 14"]
[Site "Oslo"]
[Date "2013.11.01"]
[Round "3"]
[White "Martinsen, Stig K."]
[Black "Trygstad, Kristian D."]
[Result "0-1"]
[WhiteElo "2166"]
[BlackElo "2243"]
[PlyCount "94"]
[EventDate "2013.??.??"]

1. d4 g6 2. e4 Bg7 3. c4 d6 4. Nc3 e5 5. dxe5 dxe5 6. Qxd8+ Kxd8 7. f4 Nc6 8.
fxe5 Nxe5 9. Bg5+ f6 10. O-O-O+ Bd7 11. Bf4 c6 12. Be2 Kc7 13. Nf3 Bh6 14. g3
Bxf4+ 15. gxf4 Nxf3 16. Bxf3 Be6 17. c5 Nh6 18. Rhg1 Rad8 19. b3 Rxd1+ 20. Kxd1
Nf7 21. h4 Bc8 22. Ke2 b6 23. cxb6+ axb6 24. Rc1 Kb7 25. Rd1 h6 26. Rg1 g5 27.
Bh5 Nd6 28. e5 fxe5 29. fxe5 Nf5 30. hxg5 hxg5 31. Bg4 Rh2+ 32. Kd3 Kc7 33. Ke4
Rh4 34. Kd3 Ba6+ 35. Kd2 Rh2+ 36. Kc1 Ne3 37. Bd1 g4 38. Rg3 Nxd1 39. Nxd1 Bc8
40. a4 Rh3 41. Re3 Be6 42. Rxh3 gxh3 43. b4 h2 44. Nf2 c5 45. bxc5 bxc5 46. Kd2
Kb6 47. Ke3 Bd5
0-1

[Event "Eliteserien 2013 - 14"]
[Site "Oslo"]
[Date "2013.11.01"]
[Round "3"]
[White "Vea, Odin Blikra"]
[Black "Stray, Gunnar"]
[Result "1-0"]
[WhiteElo "2233"]
[BlackElo "2050"]
[PlyCount "61"]
[EventDate "2013.??.??"]

1. e4 c5 2. Nf3 e6 3. g3 Nc6 4. Bg2 g6 5. O-O Bg7 6. c3 d6 7. d4 e5 8. Be3 b6
9. Na3 Ba6 10. Qa4 Bxf1 11. Qxc6+ Kf8 12. Rxf1 Ne7 13. Qa4 Qc7 14. Qb3 h6 15.
Rd1 a6 16. Bh3 Rd8 17. Qa4 Bf6 18. Qxa6 Kg7 19. Nc4 cxd4 20. cxd4 b5 21. Qxb5
Rb8 22. Qa4 Ra8 23. Qc2 Rxa2 24. dxe5 dxe5 25. Rd7 Qb8 26. Bc5 Qc8 27. Ncxe5
Ra1+ 28. Kg2 Qa6 29. Qc4 Qxc4 30. Nxc4 Re8 31. e5
1-0

[Event "Eliteserien 2013 - 14"]
[Site "Oslo"]
[Date "2013.11.01"]
[Round "4"]
[White "Hole, Øystein"]
[Black "Urkedal, Frode Olav Olsen"]
[Result "0-1"]
[WhiteElo "2367"]
[BlackElo "2469"]
[PlyCount "76"]
[EventDate "2013.??.??"]

1. Nf3 c5 2. c4 Nc6 3. Nc3 g6 4. g3 Bg7 5. Bg2 d6 6. O-O Bf5 7. a3 Nf6 8. b4
Ne4 9. Bb2 Nxc3 10. Bxc3 Bxc3 11. dxc3 O-O 12. Nd2 Rc8 13. e4 Be6 14. f4 cxb4
15. cxb4 a5 16. f5 Bd7 17. Qb3 axb4 18. axb4 Qb6+ 19. Kh1 Ne5 20. Rac1 Qd4 21.
Nf3 Nxf3 22. Bxf3 Rc7 23. Bg2 b6 24. Rfd1 Qf6 25. Qe3 Rb8 26. Rf1 Qe5 27. Qf2
f6 28. Rfd1 Bc6 29. Rd4 Rbc8 30. g4 Bb7 31. Qe3 Kg7 32. Rc3 b5 33. fxg6 hxg6
34. Bf1 bxc4 35. Rcxc4 Rxc4 36. Bxc4 Rh8 37. h3 Rxh3+ 38. Qxh3 Qxd4
0-1

[Event "Eliteserien 2013 - 14"]
[Site "Oslo"]
[Date "2013.11.01"]
[Round "4"]
[White "Andersen, Alf Roger"]
[Black "Bae, Torstein"]
[Result "1-0"]
[WhiteElo "2205"]
[BlackElo "2442"]
[PlyCount "71"]
[EventDate "2013.??.??"]

1. e4 e5 2. Nf3 Nc6 3. d4 exd4 4. Nxd4 Nf6 5. Nxc6 bxc6 6. e5 Qe7 7. Qe2 Nd5 8.
c4 Ba6 9. g3 g6 10. b3 Bg7 11. Bb2 O-O 12. Nd2 Rae8 13. O-O-O Nb6 14. f4 d5 15.
Qe3 f6 16. c5 Bxf1 17. cxb6 Bh3 18. bxa7 fxe5 19. fxe5 c5 20. Ba3 Bxe5 21. Qxc5
Qe6 22. Rhe1 Rf6 23. Rxe5 Qxe5 24. Bb2 Qd6 25. Qd4 Qc6+ 26. Kb1 Ref8 27. Rc1
Qb7 28. b4 c6 29. Nb3 h5 30. Na5 Qa6 31. Nxc6 Bg2 32. b5 Qb7 33. b6 Kh7 34. Ka1
Be4 35. Nd8 Qa6 36. b7
1-0

[Event "Eliteserien 2013 - 14"]
[Site "Oslo"]
[Date "2013.11.01"]
[Round "4"]
[White "Thorstensen, Trond"]
[Black "Kvisla, Johannes"]
[Result "0-1"]
[WhiteElo "2241"]
[BlackElo "2136"]
[PlyCount "54"]
[EventDate "2013.??.??"]

1. d4 Nf6 2. c4 e5 3. dxe5 Ng4 4. Bf4 Nc6 5. Nf3 Bb4+ 6. Nc3 Bxc3+ 7. bxc3 Qe7
8. Qd5 f6 9. exf6 Nxf6 10. Qd3 d6 11. e3 O-O 12. Be2 Ne4 13. O-O Bf5 14. Qd5+
Kh8 15. Rac1 Nc5 16. Nd4 Bd7 17. Rfe1 Ne5 18. Bxe5 dxe5 19. Nb3 Nxb3 20. axb3
Bc6 21. Qd2 Rad8 22. Qc2 Bxg2 23. Kxg2 Qg5+ 24. Kh1 Rxf2 25. Rg1 Qxe3 26. Rg2
Rxg2 27. Kxg2 Rd2
0-1

[Event "Eliteserien 2013 - 14"]
[Site "Oslo"]
[Date "2013.11.01"]
[Round "4"]
[White "Diesen, Bruce"]
[Black "Johansen, Terje"]
[Result "0-1"]
[WhiteElo "2156"]
[BlackElo "2265"]
[PlyCount "106"]
[EventDate "2013.??.??"]

1. e4 c6 2. d4 d5 3. e5 Bf5 4. Nf3 e6 5. Be2 Nd7 6. O-O h6 7. Nbd2 Ne7 8. h3 g5
9. c4 g4 10. hxg4 Bxg4 11. cxd5 cxd5 12. Nb3 Nc6 13. Be3 Rg8 14. Nh2 Bxe2 15.
Qxe2 Qh4 16. Rac1 Nb6 17. f4 Nc4 18. Rf3 Be7 19. Bf2 Qh5 20. Nc5 Bxc5 21. dxc5
a6 22. b3 N6xe5 23. fxe5 Qg5 24. Be3 Nxe3 25. Rxe3 d4 26. Ng4 Qxg4 27. Qxg4
Rxg4 28. Rh3 O-O-O 29. Rxh6 d3 30. Rf6 Rd7 31. c6 bxc6 32. Rxc6+ Kb7 33. Rc1 d2
34. Rd1 Re4 35. Kf1 Rxe5 36. Rf2 Red5 37. Ke2 Kb6 38. Rf4 f5 39. g4 Re5+ 40.
Kf2 fxg4 41. Rxg4 Rf7+ 42. Kg3 Re3+ 43. Kg2 Re2+ 44. Kg3 e5 45. Rg6+ Kc5 46.
Rxa6 e4 47. b4+ Kd4 48. Rd6+ Ke3 49. b5 Rf3+ 50. Kg4 Rg2+ 51. Kh4 Rf7 52. Kh3
Rg8 53. Rh6 Ke2
0-1

[Event "Eliteserien 2013 - 14"]
[Site "Oslo"]
[Date "2013.11.01"]
[Round "4"]
[White "Harestad, Hans K"]
[Black "Lie, Kjetil A."]
[Result "1/2-1/2"]
[WhiteElo "2286"]
[BlackElo "2532"]
[PlyCount "62"]
[EventDate "2013.??.??"]

1. d4 Nf6 2. c4 g6 3. Nf3 Bg7 4. Nc3 O-O 5. e4 d6 6. Be2 Na6 7. O-O e5 8. Be3
Ng4 9. Bg5 Qe8 10. dxe5 dxe5 11. h3 h6 12. Bd2 Nf6 13. Qc1 Kh7 14. Rb1 c6 15.
Be3 Qe7 16. c5 Nc7 17. Rd1 Nh5 18. Rd6 Ne8 19. Rd1 f5 20. exf5 Bxf5 21. Ra1 Nf4
22. Bf1 g5 23. Re1 Qf7 24. Bd2 Nd3 25. Bxd3 Bxd3 26. Re3 Rd8 27. Qe1 Qf5 28.
Ne4 Qg6 29. Bc3 Rd5 30. Ng3 e4 31. Nxe4 Bxe4
1/2-1/2

[Event "Eliteserien 2013 - 14"]
[Site "Oslo"]
[Date "2013.11.01"]
[Round "4"]
[White "Lie, Espen"]
[Black "Byklum, Bjørnar"]
[Result "1/2-1/2"]
[WhiteElo "2471"]
[BlackElo "2296"]
[PlyCount "45"]
[EventDate "2013.??.??"]

1. Nf3 Nf6 2. c4 e6 3. g3 d5 4. Bg2 dxc4 5. Qa4+ c6 6. Qxc4 b5 7. Qc2 Bb7 8.
O-O Be7 9. Nc3 O-O 10. Rd1 Qb6 11. Ng5 c5 12. Bxb7 Qxb7 13. Nce4 Nbd7 14. d3
Rac8 15. b3 h6 16. Nf3 Nxe4 17. dxe4 Nf6 18. e5 Nd5 19. Qe4 Rfd8 20. Qg4 Kf8
21. Qe4 Kg8 22. Qg4 Kf8 23. Qe4
1/2-1/2

[Event "Eliteserien 2013 - 14"]
[Site "Oslo"]
[Date "2013.11.01"]
[Round "4"]
[White "Ekeberg, Carl Fr."]
[Black "Astrup, Kim Chr."]
[Result "1/2-1/2"]
[WhiteElo "2274"]
[BlackElo "2256"]
[PlyCount "47"]
[EventDate "2013.??.??"]

1. d4 d5 2. c4 c6 3. cxd5 cxd5 4. Bf4 Nc6 5. Nc3 Nf6 6. e3 Bg4 7. Qb3 Na5 8.
Qa4+ Bd7 9. Qc2 Rc8 10. Bd3 e6 11. Nf3 Nc4 12. O-O Bd6 13. Bxd6 Nxd6 14. Qe2
O-O 15. Ne5 Be8 16. f3 Qb6 17. Rac1 Nd7 18. Na4 Qd8 19. Nxd7 Bxd7 20. Nc5 Bc6
21. Qf2 b6 22. Na6 Bb5 23. Bxb5 Nxb5 24. Nb4
1/2-1/2

[Event "Eliteserien 2013 - 14"]
[Site "Oslo"]
[Date "2013.11.01"]
[Round "4"]
[White "Gullaksen, Eirik"]
[Black "Bern, Ivar"]
[Result "1/2-1/2"]
[WhiteElo "2384"]
[BlackElo "2304"]
[PlyCount "69"]
[EventDate "2013.??.??"]

1. e4 c6 2. d4 d5 3. Nc3 g6 4. Bf4 dxe4 5. Nxe4 Bg7 6. c3 Nf6 7. Nxf6+ Bxf6 8.
Bd3 Qd5 9. Nf3 Bg4 10. Be2 Nd7 11. O-O O-O 12. h3 Bxf3 13. Bxf3 Qb5 14. Qc2 e5
15. a4 Qa5 16. Bh6 Rfe8 17. b4 Qc7 18. Rad1 a5 19. d5 cxd5 20. Bxd5 Nb6 21. Qb3
e4 22. bxa5 Nxd5 23. Rxd5 Rxa5 24. c4 Rxd5 25. cxd5 Bd4 26. Qb5 Rd8 27. Re1 f5
28. Rd1 Qb6 29. Qxb6 Bxb6 30. Rb1 Bd4 31. Rxb7 Rxd5 32. Rb8+ Kf7 33. Rb7+ Kg8
34. Rb8+ Kf7 35. Rb7+
1/2-1/2

[Event "Eliteserien 2013 - 14"]
[Site "Oslo"]
[Date "2013.11.01"]
[Round "4"]
[White "Mork, Kjell Arne"]
[Black "Gabrielsen, Stig"]
[Result "0-1"]
[WhiteElo "2292"]
[BlackElo "2316"]
[PlyCount "78"]
[EventDate "2013.??.??"]

1. e4 c5 2. Nf3 d6 3. Bb5+ Nd7 4. O-O a6 5. Bxd7+ Bxd7 6. d4 cxd4 7. Qxd4 e5 8.
Qd3 h6 9. Nc3 Nf6 10. a4 Qc7 11. Be3 Be6 12. Rfe1 Be7 13. a5 Rc8 14. Bb6 Qc4
15. Qe3 Ng4 16. Qd2 O-O 17. Re2 Nf6 18. Ra4 Qc6 19. Rb4 Rfe8 20. h3 Bf8 21. Qe1
Bc4 22. Rd2 d5 23. exd5 Bxd5 24. Nxd5 Nxd5 25. Rb3 e4 26. Nd4 Qf6 27. Ne2 Nxb6
28. Rxb6 Qg5 29. Rxb7 e3 30. Rdd7 Rxc2 31. f4 Qh5 32. Nd4 Rd2 33. Nf3 Rxd7 34.
Rxd7 Qf5 35. Rd4 Bc5 36. Rc4 e2+ 37. Kh1 Re3 38. Rc3 Re4 39. Nd2 Bf2
0-1

[Event "Eliteserien 2013 - 14"]
[Site "Oslo"]
[Date "2013.11.01"]
[Round "4"]
[White "Sævareid, Ove"]
[Black "Merkesvik, Sondre"]
[Result "1/2-1/2"]
[WhiteElo "2162"]
[BlackElo "1917"]
[PlyCount "151"]
[EventDate "2013.??.??"]

1. c4 Nf6 2. g3 g6 3. Bg2 Bg7 4. Nc3 c5 5. Nf3 Nc6 6. d4 cxd4 7. Nxd4 O-O 8.
O-O Qa5 9. e3 h5 10. a3 Qc5 11. b3 Ng4 12. Na4 Qe5 13. Bb2 Qg5 14. Nf3 Qf5 15.
Bxg7 Kxg7 16. Nc3 d6 17. Nd4 Qd7 18. Rc1 Nf6 19. Nd5 Nxd5 20. cxd5 Ne5 21. h3
Qd8 22. f4 Nd7 23. Qc2 Qb6 24. Qc3 Nf6 25. Qc7 Qxc7 26. Rxc7 Re8 27. Rfc1 Nd7
28. Kf2 Nc5 29. Ke2 a5 30. e4 Na6 31. R7c3 Bd7 32. Kf3 Reb8 33. g4 hxg4+ 34.
hxg4 Rd8 35. Bf1 Rh8 36. Kg3 Nc5 37. Bg2 Rhd8 38. Bf3 Na6 39. Be2 Nc5 40. Bf3
Na6 41. e5 Nc5 42. e6 fxe6 43. dxe6 Nxe6 44. Nxe6+ Bxe6 45. Re1 Bd7 46. Rxe7+
Kf8 47. Rce3 Bc6 48. Rc7 Rdc8 49. Ree7 Rxc7 50. Rxc7 Ra6 51. Bxc6 bxc6 52. Rb7
d5 53. Kf3 c5 54. Rb5 a4 55. b4 cxb4 56. Rxb4 Ke7 57. Ke3 Kd6 58. Kd4 Kc6 59.
Rb8 Kc7 60. Rb5 Rf6 61. Ke5 Kc6 62. Ra5 Rf8 63. Ra6+ Kc5 64. Ra5+ Kc6 65. Rxd5
Rxf4 66. Rd6+ Kc5 67. Kxf4 Kxd6 68. Kg5 Kc5 69. Kxg6 Kc4 70. Kf5 Kb3 71. g5
Kxa3 72. g6 Kb2 73. g7 a3 74. g8=Q a2 75. Qb8+ Ka1 76. Ke4
1/2-1/2

[Event "Eliteserien 2013 - 14"]
[Site "Oslo"]
[Date "2013.11.01"]
[Round "4"]
[White "Sagafos, Magne"]
[Black "Børresen, Georg S."]
[Result "1/2-1/2"]
[WhiteElo "2408"]
[BlackElo "2191"]
[PlyCount "90"]
[EventDate "2013.??.??"]

1. e4 e6 2. d4 d5 3. e5 c5 4. c3 Nc6 5. Nf3 Qb6 6. Bd3 Bd7 7. O-O cxd4 8. cxd4
Nxd4 9. Nbd2 Nxf3+ 10. Nxf3 h6 11. Qe2 Ne7 12. Be3 Qd8 13. Rac1 Nc6 14. a3 Be7
15. b4 a6 16. Rfe1 Rc8 17. Bb1 Kf8 18. Qd2 Kg8 19. g3 Bf8 20. h4 g6 21. h5 g5
22. Bc5 Bxc5 23. Rxc5 Ne7 24. Nxg5 Rxc5 25. bxc5 Nc6 26. Nf3 Qa5 27. Qe3 Kf8
28. Bc2 d4 29. Qf4 Qxc5 30. Qf6 Rg8 31. Qxh6+ Ke8 32. Bh7 Rg4 33. Bd3 Qxa3 34.
Re4 Rg8 35. Qd2 Qc3 36. Qxc3 dxc3 37. Rc4 b5 38. Rxc3 Rh8 39. Be4 Na5 40. Ra3
Nc4 41. Rxa6 Rxh5 42. g4 Rh6 43. Ra8+ Ke7 44. Ra7 Kd8 45. Ra8+ Ke7
1/2-1/2

[Event "Eliteserien 2013 - 14"]
[Site "Oslo"]
[Date "2013.11.01"]
[Round "4"]
[White "Romanov, Evgeny"]
[Black "Collins, Sam"]
[Result "1-0"]
[WhiteElo "2616"]
[BlackElo "2471"]
[PlyCount "71"]
[EventDate "2013.??.??"]

1. c4 e5 2. g3 Nf6 3. Bg2 d5 4. cxd5 Nxd5 5. Nf3 Nc6 6. O-O Nb6 7. b3 Be7 8.
Bb2 f6 9. d3 O-O 10. Nbd2 Be6 11. Rc1 a5 12. Nc4 a4 13. Nxb6 cxb6 14. bxa4 Bxa2
15. Nd2 Bd5 16. Bxd5+ Qxd5 17. Nc4 Bc5 18. Qb3 Nd4 19. Bxd4 exd4 20. Qb5 Qc6
21. Rb1 Rfe8 22. Nxb6 Qxb5 23. Rxb5 Bxb6 24. Rxb6 Rxe2 25. Rxb7 Rxa4 26. Rc1 h5
27. Rcc7 Ra1+ 28. Kg2 Raa2 29. Rxg7+ Kh8 30. Rge7 Rxe7 31. Rxe7 Rd2 32. Rf7
Rxd3 33. Rxf6 Kg7 34. Rf4 h4 35. Rxh4 Kf6 36. Re4
1-0